| 000 | 00489nam a22001817a 4500 | ||
|---|---|---|---|
| 003 | OSt | ||
| 005 | 20180116183046.0 | ||
| 008 | 160720b xxu||||| |||| 00| 0 eng d | ||
| 020 | _a9781859640456 | ||
| 040 | _c0 | ||
| 082 | _a297.1226 SHE 1995 | ||
| 100 | _aFaruq Sherif | ||
| 245 |
_aA Guide to The Contents of the Quran _cFaruq Sherif |
||
| 260 |
_aUK _bGarnet Publishing Limited _c1995 |
||
| 300 |
_a245 p. _bPB |
||
| 440 | _aA Guide to The Contents of the Quran | ||
| 942 |
_2ddc _cBK |
||
| 999 |
_c351432 _d351432 |
||